000 00513nam a2200145 a 4500
008 120416s1978 ||||||||||||||||| || u
050 _aQC 93 Cum
100 _aCuming, Pamela
245 1 0 _aMeasuring up
246 _amastering metrics for the world of work
260 _aReading, Mass.
_bAddison-Wesley
_c[1978]
300 _avii, (Various Pagings)
350 _a0.00
995 _D0.00
_FCBU-MAIN LIBRARY (Kitwe)
_H1
_I0.00
_UDAMAGED
_ZMain Library Open Access Collection
999 _c50881
_d50881